Normal view
MARC view
Entry Personal Name
001 - CONTROL NUMBER
- control field: 227199
003 - CONTROL NUMBER IDENTIFIER
- control field: MY-SjTCS
005 - DATE AND TIME OF LATEST TRANSACTION
- control field: 20200306163110.0
008 - FIXED-LENGTH DATA ELEMENTS
- fixed length control field: 200306|| aca||aabn | a|a d
040 ## - CATALOGING SOURCE
- Original cataloging agency: MY-SjTCS
- Transcribing agency: MY-SjTCS
100 ## - HEADING--PERSONAL NAME
- Personal name: Andrews, James R.
670 ## - SOURCE DATA FOUND
- Source citation: Work cat.: (MY-SjTCS)39172: Andrews, Patricia Hayes. 8291, Public speaking :, 2002.